000 00502nam a2200193Ia 4500
005 20250326144136.0
008 250326s9999 xx 000 0 und d
020 _a0-07-066768-3
037 _aTextbook
040 _aFMSL
_beng
_cFMSL
041 _aeng
_2eng
084 _aX:89A P8
_qFMSL
100 _aFinch B J
_9749116
245 0 _aOperations now
_cFinch B J
260 _aN
_bN, D McGraw Hill
_c2008
300 _axxxvi,769
942 _cTB
_hX:89A P8
999 _c1302540
_d1302540